[Event "Spring NAm GMA"]
[Site "Schaumburg USA"]
[Date "2006.04.21"]
[Round "7"]
[White "Finegold,B"]
[Black "Margvelashvili,G"]
[Result "1/2-1/2"]
[WhiteElo "2563"]
[BlackElo "2441"]

1.d4 Nf6 2.c4 e6 3.Nc3 d5 4.Bg5 Be7 5.e3 O-O 6.Nf3 Nbd7 7.Qc2 c5 8.cxd5 cxd4
9.Nxd4 Nxd5 10.Bxe7 Nxe7 11.Be2 Nf6 12.O-O Bd7 13.Qb3 Qa5 14.Bf3 Rab8 15.Rfd1 e5
16.Ndb5 Bc6 17.Be2 a6 18.Nd6 b5 19.Qc2 Rfd8 20.Qb3 Rf8 21.Qc2 Rfd8 22.a3 Qc7
23.Nce4 Nxe4 24.Nxe4 Rxd1+ 25.Rxd1 Rd8 26.Ng5 Rxd1+ 27.Bxd1 g6 28.Ne4 Qa5
29.Kf1 b4 30.axb4 Qxb4 31.Nc3 Nd5 32.Nxd5 Bxd5 33.Be2 a5 34.f3 a4 35.g3 Kg7
36.Kf2 a3 37.bxa3 Qxa3 38.Qd2 Be6 39.h4 h5 40.f4 Qa1 41.Bf1 exf4 42.exf4 Qa2
43.Qxa2 Bxa2 44.f5 Bb1 45.fxg6 fxg6 46.Be2 Kf6 47.g4 g5 48.hxg5+ Kxg5 49.gxh5  1/2-1/2

[Event "Spring NAm GMA"]
[Site "Schaumburg USA"]
[Date "2006.04.21"]
[Round "8"]
[White "Friedel,J"]
[Black "Finegold,B"]
[Result "0-1"]
[WhiteElo "2465"]
[BlackElo "2563"]

1.e4 c5 2.Nf3 Nc6 3.Nc3 d6 4.d4 cxd4 5.Nxd4 Nf6 6.Bc4 e6 7.O-O Be7 8.Be3 O-O
9.Kh1 a6 10.a4 Qc7 11.Qe2 Ne5 12.Bb3 Neg4 13.f4 Nxe3 14.Qxe3 Bd7 15.e5 dxe5
16.fxe5 Ng4 17.Qg3 h5 18.Rae1 Qd8 19.Nf3 Bc6 20.Ne4 Bxe4 21.Rxe4 Qb6 22.Nd4 Rad8
23.c3 a5 24.h3 Nh6 25.Qf3 Bc5 26.Rd1 Nf5 27.Rd3 Bxd4 28.cxd4 Rxd4 29.Rexd4 Nxd4
30.Qf2 Rd8 31.Bd1 g6 32.Rg3 Qc7 33.Bxh5 Nf5 34.Rc3 Qxe5 35.Bf3 Qf4 36.Qb6 Rd2
37.Rc8+ Kg7 38.Qxa5 Ng3+ 39.Kg1 Qd4+ 40.Kh2 Nf1+ 41.Kh1 Ng3+ 42.Kh2 Nf1+
43.Kh1 Qf4 44.Qc7 e5  0-1

[Event "Spring NAm GMA"]
[Site "Schaumburg USA"]
[Date "2006.04.22"]
[Round "9"]
[White "Finegold,B"]
[Black "Smetankin,S"]
[Result "1/2-1/2"]
[WhiteElo "2563"]
[BlackElo "2486"]

1.d4 Nf6 2.Nc3 d5 3.Bg5 Nbd7 4.e3 c6 5.Nf3 g6 6.Bd3 Bg7 7.O-O h6 8.Bh4 g5
9.Bg3 Nh5 10.Be5 Nxe5 11.Nxe5 Nf6 12.Qe2 Nd7 13.f4 O-O 14.fxg5 Nxe5 15.dxe5 Bxe5
16.Qh5 Qd6 17.Rf3 Bg7 18.Raf1 Qe5 19.Rxf7 Be6 20.Rxf8+ Rxf8 21.Rxf8+ Bxf8
22.Qg6+ Bg7 23.Qe8+ Bf8 24.Qg6+ Bg7 25.Qe8+ Bf8 26.Qg6+ Bg7 27.Qe8+  1/2-1/2

[Event "Open"]
[Site "Chicago USA"]
[Date "2006.05.25"]
[Round "1"]
[White "Anderson,R"]
[Black "Finegold,B"]
[Result "1/2-1/2"]
[WhiteElo "2261"]
[BlackElo "2563"]

1.e4 c5 2.Nf3 Nc6 3.d4 cxd4 4.Nxd4 Nf6 5.Nc3 d6 6.Bc4 Qb6 7.Nde2 e6 8.O-O a6
9.Bb3 Bd7 10.Kh1 Na5 11.Qd3 h5 12.Be3 Qc7 13.f4 Nxb3 14.cxb3 h4 15.h3 Be7
16.f5 exf5 17.exf5 Bc6 18.Nf4 d5 19.Ncxd5 Nxd5 20.Nxd5 Qd7 21.Nf4 Qxd3 22.Nxd3 Bf6
23.Nb4 Rc8 24.Nxc6 Rxc6 25.Rac1 Kd7 26.Rfd1+ Rd6 27.Bc5 Rxd1+ 28.Rxd1+ Kc6
29.Bd4 Bxd4 30.Rxd4 Rh5 31.Kg1 Rxf5 32.Rxh4 g6 33.Rd4 Rd5 34.Rc4+ Kd6 35.Rc2 f5
36.Kf2 Ke5 37.Ke2 Kf4 38.Rc3 Re5+ 39.Kf2 Rd5 40.Ke2 g5 41.Re3 g4 42.g3+ Kg5
43.h4+ Kh5 44.Re8 Rc5 45.Kd2 Rd5+ 46.Ke2 Rc5 47.Kd2 Rd5+ 48.Ke2  1/2-1/2

[Event "Open"]
[Site "Chicago USA"]
[Date "2006.05.26"]
[Round "2"]
[White "Finegold,B"]
[Black "Dean,J"]
[Result "1-0"]
[WhiteElo "2563"]
[BlackElo "2243"]

1.d4 d5 2.c4 e6 3.Nc3 Be7 4.Nf3 Nf6 5.Bg5 h6 6.Bxf6 Bxf6 7.e3 O-O 8.Qd2 Nc6
9.Rd1 g6 10.Be2 Bg7 11.O-O b6 12.a3 Ba6 13.cxd5 Bxe2 14.Qxe2 exd5 15.b4 a6
16.Rc1 Ne7 17.Rc2 c5 18.bxc5 bxc5 19.dxc5 Qa5 20.Nb1 Rfc8 21.Rfc1 Ra7 22.Qd2 Qa4
23.h3 Rb7 24.Nc3 Qxa3 25.Nxd5 Nxd5 26.Qxd5 Rb5 27.Nd4 Rb2 28.Qd7 Rf8 29.c6 Be5
30.Rxb2 Qxb2 31.Rd1 Qb8 32.g4 Bc7 33.Qd5 Rd8 34.Qc4 Qb6 35.Ra1 Re8 36.h4 Qb2
37.Rd1 Qb6 38.h5 gxh5 39.Nf5  1-0

[Event "Open"]
[Site "Chicago USA"]
[Date "2006.05.27"]
[Round "3"]
[White "Bercys,S"]
[Black "Finegold,B"]
[Result "0-1"]
[WhiteElo "2360"]
[BlackElo "2563"]

1.d4 d5 2.c4 Nc6 3.Nf3 Bg4 4.cxd5 Bxf3 5.gxf3 Qxd5 6.e3 e5 7.Nc3 Bb4 8.Bd2 Bxc3
9.bxc3 exd4 10.cxd4 Nge7 11.Rg1 O-O 12.Bc3 Rad8 13.e4 Qh5 14.f4 Qxh2 15.Qg4 Ng6
16.d5 Rfe8 17.O-O-O Qxf2 18.Bd3 Qc5 19.Kb2 Nb4 20.Bb1 Rd6 21.Bd4 Qc4 22.a3 c5
23.Bc3 Na6 24.Rg3 Qa4 25.f5 Rb6+ 26.Ka1 Qxa3+ 27.Ba2 Nb4 28.Bxb4 Qxb4 29.Rb3 Ne5
30.Rxb4 Nxg4 31.Rxb6 axb6 32.Rb1 h5  0-1

[Event "Open"]
[Site "Chicago USA"]
[Date "2006.05.27"]
[Round "4"]
[White "Finegold,B"]
[Black "Van Meter,L"]
[Result "1-0"]
[WhiteElo "2563"]
[BlackElo "2216"]

1.d4 Nf6 2.c4 e6 3.Nc3 Bb4 4.Bg5 c5 5.d5 h6 6.Bh4 d6 7.e3 Qe7 8.Ne2 exd5
9.cxd5 O-O 10.a3 Ba5 11.Qa4 Bd8 12.Qc2 Re8 13.Rd1 a6 14.h3 g5 15.Bg3 b5 16.b4 Nbd7
17.h4 Nf8 18.hxg5 hxg5 19.Ng1 Bg4 20.Be2 Qd7 21.Nf3 cxb4 22.axb4 Rc8 23.Qb3 Qc7
24.Nb1 Ne4 25.Bh2 Bf6 26.O-O Qd7 27.Qa2 Ra8 28.Nd4 Bxe2 29.Qxe2 Be5 30.Bxe5 dxe5
31.Nb3 Ng6 32.Nc5 Nxc5 33.bxc5 Kg7 34.c6 Qd6 35.Qg4 Rh8 36.Qxg5 e4 37.f4 exf3
38.Rxf3  1-0

[Event "National Open"]
[Site "Las Vegas USA"]
[Date "2006.06.18"]
[Round "5"]
[White "Finegold,B"]
[Black "Sevillano,E"]
[Result "0-1"]
[WhiteElo "2563"]
[BlackElo "2472"]

1.d4 Nf6 2.c4 e6 3.Nc3 Bb4 4.Qc2 b6 5.e4 c5 6.d5 exd5 7.exd5 Qe7+ 8.Be2 Qe4
9.Qd2 Qg6 10.Kf1 O-O 11.Bd3 Qh5 12.Nge2 d6 13.Qf4 Nbd7 14.Ng3 Qe5 15.Nce4 Nxe4
16.Qxe4 f5 17.Qe2 f4 18.Ne4 Nf6 19.a3 Ba5 20.Rb1 f3 21.Nxf6+ Qxf6 22.Qxf3 Qxf3
23.gxf3 Bh3+ 24.Ke2 Bg2 25.Rg1 Rae8+ 26.Be3 Bxf3+ 27.Kf1 b5 28.b4 bxc4 29.Bxc4 cxb4
30.axb4 Bb6 31.Bxb6 axb6 32.Rg3 Rf4 33.Bb5 Ra8 34.Bc6 Rxb4 35.Re1 Rf8 36.Kg1 g6
37.h3 Rb2 38.h4 Rf4 39.Re8+ Kg7 40.Re7+ Kh6 41.Re1 b5 42.h5 Bxh5 43.Rg2 b4  0-1

[Event "National Open"]
[Site "Las Vegas USA"]
[Date "2006.06.18"]
[Round "6"]
[White "Finegold,B"]
[Black "Vigorito,D"]
[Result "1-0"]
[WhiteElo "2563"]
[BlackElo "2373"]

1.d4 Nf6 2.c4 g6 3.Nc3 Bg7 4.Nf3 O-O 5.Bg5 d6 6.e3 c5 7.Be2 h6 8.Bh4 Bf5
9.O-O Ne4 10.Nd2 Nxc3 11.bxc3 g5 12.Bg3 Bg6 13.h4 f5 14.hxg5 hxg5 15.Bf3 Qc8
16.Rb1 Nc6 17.Rb5 g4 18.Be2 e5 19.dxc5 a6 20.Rb2 dxc5 21.e4 f4 22.Bxg4 Qd8
23.Bh2 Qg5 24.Rxb7 Rad8 25.Be6+ Kh8 26.Bd5 Bh5 27.f3 Rd6 28.Rf2 Ne7 29.Nb3 Rc8
30.Nc1 Rh6 31.Kf1 Be8 32.Bg1 Rh1 33.Rfb2 Nxd5 34.cxd5 Bb5+ 35.R2xb5 axb5
36.Nd3 Rg8 37.Nf2 Bf8 38.Ng4 Qh4 39.Qe2 c4 40.Rxb5 Ba3 41.Qf2 Qg3 42.Qxg3 fxg3
43.Nxe5 Bc5 44.Rxc5 Rb8 45.Ke2 Rb2+ 46.Ke3 Rxg1 47.d6 Re1+ 48.Kf4 Rxg2 49.d7 Rd2
50.Rd5  1-0

[Event "34th World Open"]
[Site "Philadelphia USA"]
[Date "2006.07.03"]
[Round "6"]
[White "Habu,Y"]
[Black "Finegold,B"]
[Result "1/2-1/2"]
[WhiteElo "2382"]
[BlackElo "2563"]

1.e4 c5 2.Nf3 Nc6 3.d4 cxd4 4.Nxd4 Nf6 5.Nc3 d6 6.Bg5 e6 7.Qd2 a6 8.O-O-O h6
9.Be3 Bd7 10.f4 Qc7 11.Bd3 Rc8 12.Kb1 Be7 13.h3 Na5 14.Qe1 b5 15.g4 Nc4 16.Bc1 Qb6
17.Nce2 g6 18.Rf1 e5 19.Nf3 Qc5  1/2-1/2

[Event "34th World Open"]
[Site "Philadelphia USA"]
[Date "2006.07.04"]
[Round "8"]
[White "Smith,Bry"]
[Black "Finegold,B"]
[Result "1/2-1/2"]
[WhiteElo "2384"]
[BlackElo "2563"]

1.e4 c5 2.Nf3 Nc6 3.d4 cxd4 4.Nxd4 Nf6 5.Nc3 d6 6.Bg5 e6 7.Qd2 a6 8.O-O-O h6
9.Be3 Bd7 10.f3 b5 11.g4 Ne5 12.Bd3 b4 13.Nce2 d5 14.exd5 Nxd5 15.Nf4 Nxe3
16.Qxe3 Bd6 17.h4 Qb6 18.Kb1 O-O-O 19.Nh5 Nc6 20.Qe4 Kc7 21.Nxc6 Bxc6 22.Qe2 a5
23.Nxg7 a4 24.Be4 Bb5 25.Bd3 Bc6 26.Be4 Bb5 27.Bd3 Bc6  1/2-1/2

[Event "34th World Open"]
[Site "Philadelphia USA"]
[Date "2006.07.04"]
[Round "9"]
[White "Finegold,B"]
[Black "Critelli,J"]
[Result "1-0"]
[WhiteElo "2563"]
[BlackElo "2170"]

1.d4 Nf6 2.c4 e6 3.Nc3 Bb4 4.Bg5 b6 5.f3 c5 6.d5 exd5 7.cxd5 Ba6 8.e4 Bxf1
9.Kxf1 Bxc3 10.bxc3 d6 11.Ne2 h6 12.Bf4 Qc7 13.Ng3 g5 14.Bd2 Nbd7 15.c4 O-O-O
16.a4 a5 17.Rb1 Ne5 18.Qb3 Qa7 19.Bc3 Nfd7 20.Nf5 Kc7 21.Qb5 Rh7 22.h4 f6
23.Ke2 Ra8 24.hxg5 fxg5 25.Rh2 Qa6 26.Qxa6 Rxa6 27.Ne3 Ra8 28.Rbh1 Rah8 29.g3 Rf8
30.Nf5 Nxc4 31.Rxh6 Rxh6 32.Rxh6 b5 33.Nxd6 Nxd6 34.Bxa5+ Kc8 35.Rxd6 bxa4
36.Rc6+ Kb8 37.e5 a3 38.e6  1-0

[Event "National Open"]
[Site "Las Vegas USA"]
[Date "2007.06.09"]
[Round "4"]
[White "Finegold,B"]
[Black "Dishman,S"]
[Result "1/2-1/2"]
[WhiteElo "2543"]
[BlackElo "2321"]

1.d4 d5 2.c4 Nc6 3.Nc3 dxc4 4.Nf3 Nf6 5.e4 Bg4 6.Be3 e6 7.Bxc4 Bb4 8.Qc2 O-O
9.Rd1 Qe7 10.e5 Nd5 11.Be2 h6 12.O-O Ba5 13.Nxd5 exd5 14.Ng5 hxg5 15.Bxg4 Nd8
16.Qc5 Qxc5 17.dxc5 c6 18.Bxg5 Re8 19.f4 Bb4 20.Rc1 Bd2 21.Rc2 Be3+ 22.Kh1 Ne6
23.Bxe6 Rxe6 24.g3 b6 25.cxb6 axb6 26.a3 c5 27.Kg2 d4 28.Rd1 Rc6 29.Be7 f6
30.Bd6 Kf7 31.Kf3 Ke6 32.Re2 g5 33.h4 gxf4 34.gxf4 Rh8 35.Rh1 Kf5 36.Be7 fxe5
37.fxe5 Rg6 38.Rxe3 dxe3 39.Bf6 Rhg8 40.Bg5 Kxe5 41.Kxe3 Kd5 42.Kd3 Rf8 43.Rh3 Rf2
44.Kc3 Re6 45.Be3 Re2 46.Bd2 Rf2 47.h5 Ree2 48.Rd3+ Kc6 49.a4 Rh2 50.h6 Reg2  1/2-1/2

[Event "US Open"]
[Site "Cherry Hill USA"]
[Date "2007.07.31"]
[Round "3"]
[White "Finegold,B"]
[Black "Vicary,E"]
[Result "1-0"]
[WhiteElo "2543"]
[BlackElo "2148"]

1.d4 Nf6 2.c4 e6 3.Nc3 Bb4 4.Bg5 h6 5.Bh4 c5 6.d5 Bxc3+ 7.bxc3 O-O 8.e3 e5
9.Bd3 e4 10.Bc2 Re8 11.Ne2 d6 12.Qb1 Bf5 13.Ba4 Nbd7 14.Ng3 Bg6 15.Bxd7 Qxd7
16.Bxf6 gxf6 17.h4 b6 18.h5 Bh7 19.Rh4 Qe7 20.Rf4 Qe5 21.Qc2 a6 22.Rc1 b5
23.Qe2 bxc4 24.Qxc4 Rab8 25.Kf1 Rb2 26.Kg1 Rd2 27.Qxa6 Qxd5 28.Rxf6 Ra8 29.Qb5 Raxa2
30.c4 Qe5 31.Rf4 Kg7 32.Qd7 Qe6 33.Rg4+ Kf8 34.Qd8+ Qe8 35.Qf6 Rxf2 36.Qxh6+ Ke7
37.Nh1 Qh8 38.Nxf2 Rxf2 39.Rg7 Qb8 40.Qxh7 Qb2 41.Qxe4+ Kf8 42.Rb1 Qf6 43.Rg4  1-0

[Event "FKB ch-USA Qualifier"]
[Site "Tulsa USA"]
[Date "2008.03.28"]
[Round "1"]
[White "Finegold,B"]
[Black "Haskel,J"]
[Result "1-0"]
[WhiteElo "2529"]
[BlackElo "2105"]

1.d4 d5 2.c4 Bf5 3.cxd5 Bxb1 4.Qa4+ c6 5.dxc6 Nxc6 6.Rxb1 e5 7.Bd2 Qxd4 8.Qxd4 Nxd4
9.e3 Nc6 10.Bb5 Bd6 11.Bxc6+ bxc6 12.Ne2 Nf6 13.Rc1 Kd7 14.Nc3 Rab8 15.b3 Rhc8
16.Ke2 Ke6 17.Rhd1 Ba3 18.Rc2 Nd5 19.Na4 c5 20.Bc1 Bxc1 21.Nxc5+ Ke7 22.Rxd5 Ba3
23.Rc4 Rxc5 24.Rdxc5 Bxc5 25.Rxc5 Kd6 26.Ra5 Rb7 27.Kd3 Rc7 28.b4 f5 29.f3 g6
30.a4 Rb7 31.Ra6+  1-0

[Event "FKB ch-USA Qualifier"]
[Site "Tulsa USA"]
[Date "2008.03.29"]
[Round "4"]
[White "Bradford,J"]
[Black "Finegold,B"]
[Result "1/2-1/2"]
[WhiteElo "2419"]
[BlackElo "2529"]

1.Nf3 Nf6 2.c4 g6 3.Nc3 Bg7 4.e4 d6 5.d4 O-O 6.Be2 e5 7.O-O Nc6 8.d5 Ne7
9.b4 a5 10.bxa5 Nd7 11.Nd2 Rxa5  1/2-1/2

[Event "FKB ch-USA Qualifier"]
[Site "Tulsa USA"]
[Date "2008.03.30"]
[Round "6"]
[White "Ludwig,D"]
[Black "Finegold,B"]
[Result "1-0"]
[WhiteElo "2357"]
[BlackElo "2529"]

1.e4 c5 2.Nf3 Nc6 3.d4 cxd4 4.Nxd4 Nf6 5.Nc3 d6 6.Bg5 e6 7.Qd2 a6 8.O-O-O Bd7
9.f3 Qc7 10.Be3 Ne5 11.Kb1 b5 12.Bd3 b4 13.Nce2 d5 14.Bg5 dxe4 15.fxe4 Be7
16.Rhf1 h6 17.Bf4 Nh5 18.Bxe5 Qxe5 19.Nf3 Qc7 20.e5 g6 21.g4 Ng7 22.Qf4 Bb5
23.Nfd4 O-O 24.Qxh6 Qxe5 25.Nf3 Qc5 26.Nf4 Bxd3 27.Nxd3 Qb5 28.h4 Rad8 29.Ng5 Bxg5
30.hxg5 Rd5 31.Rh1 f5 32.gxf6  1-0

[Event "Frank K Berry ch-USA"]
[Site "Tulsa USA"]
[Date "2008.05.15"]
[Round "3"]
[White "Kraai,J"]
[Black "Finegold,B"]
[Result "1/2-1/2"]
[WhiteElo "2509"]
[BlackElo "2539"]

1.Nf3 Nf6 2.c4 c6 3.Nc3 d5 4.cxd5 cxd5 5.d4 Nc6 6.Bf4 e6 7.e3 Bd6 8.Bxd6 Qxd6
9.Bd3 O-O 10.O-O Bd7 11.Rc1 Rfc8 12.Qe2 a6 13.Rfd1 Rc7 14.e4 dxe4 15.Nxe4 Qf4
16.Nxf6+ Qxf6 17.Qe4 g6 18.Rc3 Be8 19.Ne5 Qe7 20.Rdc1 Rac8 21.h4 Nxe5  1/2-1/2

[Event "Frank K Berry ch-USA"]
[Site "Tulsa USA"]
[Date "2008.05.16"]
[Round "4"]
[White "Finegold,B"]
[Black "Pruess,D"]
[Result "1/2-1/2"]
[WhiteElo "2539"]
[BlackElo "2425"]

1.d4 d5 2.c4 e6 3.Nc3 c6 4.Nf3 Nf6 5.Bg5 dxc4 6.e4 b5 7.e5 h6 8.Bh4 g5 9.Nxg5 hxg5
10.Bxg5 Nbd7 11.exf6 Bb7 12.g3 c5 13.d5 Qb6 14.Bg2 O-O-O 15.O-O b4 16.Rb1 Qa6
17.dxe6 Bxg2 18.e7 Bxf1 19.Kxf1 Qe6 20.Nb5 Qh3+ 21.Ke1 Qe6+ 22.Kf1 Qh3+ 23.Ke1 Qe6+
24.Be3 Bxe7 25.fxe7 Qxe7 26.Qd6 Qxd6 27.Nxd6+ Kc7 28.Nxf7 Rxh2 29.Ke2 Rf8
30.Ng5 Kc6 31.Rc1 Nb6 32.Bxc5 Re8+ 33.Be3 Kb5 34.Nf3 Rh7 35.Nd4+ Ka4 36.b3+ Ka3
37.bxc4 Kxa2 38.Rc2+ Kb1 39.Rc1+ Ka2 40.Rc2+ Kb1 41.Rc1+ Ka2  1/2-1/2

[Event "Frank K Berry ch-USA"]
[Site "Tulsa USA"]
[Date "2008.05.20"]
[Round "8"]
[White "Yermolinsky,A"]
[Black "Finegold,B"]
[Result "0-1"]
[WhiteElo "2518"]
[BlackElo "2539"]

1.d4 d5 2.c4 c6 3.Nf3 Nf6 4.Nc3 e6 5.Bg5 dxc4 6.e4 b5 7.e5 h6 8.Bh4 g5 9.exf6 gxh4
10.Ne5 Qxf6 11.a4 Bb4 12.Be2 Nd7 13.Nxc6 Bxc3+ 14.bxc3 h3 15.gxh3 Bb7 16.axb5 a6
17.Rg1 axb5 18.Rxa8+ Bxa8 19.Nb4 Qf4 20.Rg3 Ke7 21.Nc2 Be4 22.Ne3 Rb8 23.Rg4 Qxh2
24.Nf1 Qh1 25.Rg3 b4 26.f3 Bf5 27.cxb4 Bxh3 28.Kf2 Bxf1 29.Bxf1 Qh2+ 30.Rg2 Qh4+
31.Kg1 Qf4  0-1

[Event "National Open"]
[Site "Las Vegas USA"]
[Date "2008.06.06"]
[Round "2"]
[White "Finegold,B"]
[Black "Liu,E"]
[Result "1-0"]
[WhiteElo "2539"]
[BlackElo "2252"]

1.d4 Nf6 2.c4 g6 3.Nc3 Bg7 4.Nf3 O-O 5.Bg5 d6 6.e3 c5 7.Be2 h6 8.Bh4 g5 9.Bg3 Nh5
10.d5 f5 11.Nd2 Nxg3 12.hxg3 Nd7 13.Qc2 a6 14.f4 b5 15.cxb5 axb5 16.Bxb5 Nf6
17.Be2 e6 18.dxe6 Bxe6 19.O-O d5 20.Rfd1 gxf4 21.gxf4 d4 22.Nf1 Qa5 23.Nb5 Ne4
24.b4 cxb4 25.Bc4 Bxc4 26.Qxc4+ Kh8 27.Nxd4 Rac8 28.Qe6 Rce8 29.Qg6 Nc3 30.Ne6 Rxe6
31.Qxe6 Nxd1 32.Rxd1 Rf6 33.Qc4 Qb6 34.Rd5 Rc6 35.Qd3 Rc3 36.Rd8+ Kh7 37.Qxf5+ Qg6
38.Qd5 Qc2 39.f5  1-0

[Event "National Open"]
[Site "Las Vegas USA"]
[Date "2008.06.07"]
[Round "3"]
[White "Rensch,D"]
[Black "Finegold,B"]
[Result "1-0"]
[WhiteElo "2334"]
[BlackElo "2539"]

1.e4 c5 2.Nf3 Nc6 3.d4 cxd4 4.Nxd4 Nf6 5.Nc3 d6 6.Bg5 e6 7.Qd2 a6 8.O-O-O Bd7
9.f3 b5 10.Be3 b4 11.Nxc6 Bxc6 12.Ne2 Be7 13.Nd4 Bd7 14.g4 O-O 15.g5 Nh5
16.Bh3 g6 17.Bg4 e5 18.Nf5 gxf5 19.exf5 d5 20.f6 Bxg4 21.fxe7 Qxe7 22.fxg4 Ng7
23.Qxd5 Rac8 24.Qd6 Qb7 25.Rhe1 b3 26.axb3 Qxb3 27.Rd2 Qa4 28.Kb1 Rfe8 29.h3 Rb8
30.b3 Qe4 31.Qd3 Qc6 32.Qd5 Qc3 33.Qd3 Qc6 34.Kb2 a5 35.Qd5 Qa6 36.Bc5 a4
37.Rxe5 axb3 38.Rxe8+ Rxe8 39.cxb3 Ra8 40.Qd8+ Ne8 41.Qe7 Qa1+ 42.Kc2 Ra2+
43.Kd3 Qf1+ 44.Qe2 Qb1+ 45.Kc3 Qc1+ 46.Rc2 Qa1+ 47.Kd3 Ra8 48.Bd4 Qa6+ 49.Kd2 Qa5+
50.Kc1 Qxg5+ 51.Qe3 Qd5 52.Kb2 Qa5 53.Kb1 Qd5 54.Rc5 Qh1+ 55.Kc2 h6 56.Rg5+  1-0

[Event "110th US Open"]
[Site "Indianapolis USA"]
[Date "2009.08.02"]
[Round "2"]
[White "Auger,M"]
[Black "Finegold,B"]
[Result "0-1"]
[WhiteElo "1923"]
[BlackElo "2513"]


1.e4 c5 2.c3 d5 3.exd5 Qxd5 4.d4 Nf6 5.Nf3 cxd4 6.cxd4 e6 7.Nc3 Qd8 8.Bg5 Be7
9.Bd3 Nc6 10.O-O O-O 11.Rc1 b6 12.Bxf6 Bxf6 13.Be4 Bb7 14.Qa4 Rc8 15.Rfd1 Qe8
16.Nb5 Nxd4 17.Bxb7 Ne2+ 18.Kf1 Rxc1 19.Rxc1 Nxc1 20.Qc4 Qd7  0-1

[Event "110th US Open"]
[Site "Indianapolis USA"]
[Date "2009.08.04"]
[Round "4"]
[White "Finegold,B"]
[Black "Berry,Ja"]
[Result "1-0"]
[WhiteElo "2513"]
[BlackElo "2033"]


1.d4 Nf6 2.c4 g6 3.Nc3 d5 4.Nf3 Bg7 5.Bg5 dxc4 6.e3 O-O 7.Bxc4 Nbd7 8.O-O Nb6
9.Bb3 Bg4 10.h3 Bxf3 11.Qxf3 c6 12.Rad1 Qd7 13.e4 Rac8 14.e5 Nfd5 15.Ne4 a5
16.Bd2 Ra8 17.Nc5 Qc7 18.h4 a4 19.Bc2 Nc4 20.Bc1 Nb4 21.Qc3 Nxe5 22.Qxb4 Ng4
23.g3 Nxf2 24.Kxf2 e5 25.Qxb7 Qd6 26.Qd7 Qb8 27.Kg2 Ra7 28.Qxc6 exd4 29.Nd7 Rxd7
30.Qxd7 Qa8+ 31.Kh2  1-0

[Event "110th US Open"]
[Site "Indianapolis USA"]
[Date "2009.08.05"]
[Round "5"]
[White "Finegold,B"]
[Black "Murthy,P"]
[Result "1-0"]
[WhiteElo "2513"]
[BlackElo "2102"]


1.d4 Nf6 2.c4 e6 3.Nc3 d5 4.Bg5 Be7 5.e3 Nbd7 6.Nf3 O-O 7.Rc1 a6 8.cxd5 exd5
9.Bd3 c6 10.O-O Re8 11.h3 Nh5 12.Bxe7 Qxe7 13.e4 dxe4 14.Nxe4 Nhf6 15.Re1 Qf8
16.Nxf6+ Nxf6 17.Qb3 Rxe1+ 18.Rxe1 a5 19.a3 a4 20.Qc2 h6 21.Bc4 Nd5 22.Bxd5 cxd5
23.Re3 Be6 24.Rc3 Ra6 25.Ne5 Qd8 26.Rc7 Ra8 27.Rxb7 Rc8 28.Qd2 Qh4 29.b3 axb3
30.Rxb3 Qe4 31.a4 Rc2 32.Qd1 Ra2 33.f3 Qc2 34.Qxc2 Rxc2 35.Ra3 f6 36.Nd3 Rc4
37.a5  1-0

[Event "110th US Open"]
[Site "Indianapolis USA"]
[Date "2009.08.06"]
[Round "6"]
[White "Finegold,B"]
[Black "Ippolito,D"]
[Result "1/2-1/2"]
[WhiteElo "2513"]
[BlackElo "2455"]


1.d4 d5 2.Bg5 h6 3.Bh4 c6 4.e3 Qb6 5.Qc1 e5 6.Nf3 exd4 7.exd4 Be7 8.Bg3 Nf6
9.Bd3 Ne4 10.O-O Nxg3 11.hxg3 O-O 12.c4 dxc4 13.Bxc4 Bf6 14.Qf4 Qxb2 15.Nbd2 Qc2
16.Rfe1 Qf5 17.Qd6 Qd7 18.Qf4 Qg4 19.Qd6 Qd7 20.Qa3 Qd8 21.Ne4 Be7 22.Qe3  1/2-1/2

[Event "110th US Open"]
[Site "Indianapolis USA"]
[Date "2009.08.06"]
[Round "6"]
[White "Finegold,B"]
[Black "Lau,Ro"]
[Result "1-0"]
[WhiteElo "2513"]
[BlackElo "2173"]


1.d4 d5 2.c4 e6 3.Nf3 Nf6 4.Nc3 Be7 5.Bg5 O-O 6.e3 Nbd7 7.Qc2 c6 8.Rd1 b6
9.Bd3 Bb7 10.O-O Rc8 11.Rfe1 h6 12.Bxf6 Nxf6 13.e4 dxe4 14.Nxe4 Nxe4 15.Bxe4 Qc7
16.c5 Rfd8 17.b4 a5 18.Ne5 axb4 19.Bh7+ Kf8 20.Nxf7 Kxf7 21.Qg6+ Kf8 22.Qxe6  1-0

[Event "110th US Open"]
[Site "Indianapolis USA"]
[Date "2009.08.07"]
[Round "7"]
[White "Rensch,D"]
[Black "Finegold,B"]
[Result "1/2-1/2"]
[WhiteElo "2392"]
[BlackElo "2513"]


1.e4 c5 2.Nf3 Nc6 3.d4 cxd4 4.Nxd4 Nf6 5.Nc3 d6 6.Bg5 e6 7.Qd2 a6 8.O-O-O h6
9.Be3 Be7 10.f3 Nxd4 11.Bxd4 b5 12.Kb1 e5 13.Be3 Be6 14.h4 Qa5 15.Qf2 Rb8
16.Nd5 Bxd5 17.exd5 Bd8 18.g4 Bb6 19.Bh3 b4 20.Bxb6 Qxb6 21.Qd2 Rb7 22.Rhe1 Re7
23.Qd3 Nd7 24.g5 Nc5 25.Qf5 hxg5 26.hxg5 g6 27.Qc8+ Qd8 28.Qg4 Qd7  1/2-1/2

[Event "110th US Open"]
[Site "Indianapolis USA"]
[Date "2009.08.08"]
[Round "8"]
[White "Tate,E"]
[Black "Finegold,B"]
[Result "0-1"]
[WhiteElo "2303"]
[BlackElo "2513"]


1.c4 c5 2.Nf3 Nf6 3.d4 cxd4 4.Nxd4 g6 5.Nc3 Nc6 6.Nc2 Bg7 7.e4 O-O 8.Bd3 b6
9.O-O Bb7 10.Bg5 d6 11.f4 Rc8 12.Qe2 Nd7 13.Rab1 Nc5 14.Nd5 f6 15.Bh4 e6
16.Ndb4 Nxb4 17.Nxb4 Nxd3 18.Qxd3 Qc7 19.Rf2 Qxc4 20.Qxd6 Rfd8 21.Qe7 Qxe4
22.Nc2 Bf8 23.Qxf6 Bc5 24.Re1 Qxg2+  0-1

[Event "SPICE Cup B"]
[Site "Lubbuck USA"]
[Date "2009.09.23"]
[Round "5"]
[White "Papp,Ga"]
[Black "Finegold,B"]
[Result "0-1"]
[WhiteElo "2558"]
[BlackElo "2513"]

1.e4 c5 2.Nf3 Nc6 3.d4 cxd4 4.Nxd4 Nf6 5.Nc3 d6 6.Bg5 e6 7.Qd2 a6 8.O-O-O Bd7
9.f3 Be7 10.Be3 O-O 11.g4 Nxd4 12.Bxd4 e5 13.Be3 Be6 14.g5 Nd7 15.Nd5 Bxd5
16.exd5 Rc8 17.Bh3 Rc4 18.Bf5 g6 19.Bd3 Ra4 20.Kb1 Nb6 21.b3 Rh4 22.c4 Nd7
23.Rdg1 Nc5 24.Bc2 b5 25.Qf2 Rd4 26.Bxd4 exd4 27.Qxd4 Bxg5 28.Rxg5 Qxg5 29.b4 Nd7
30.c5 Qg2 31.Re1 Qxf3 32.c6 Nf6 33.Rc1 Rc8 34.h4 h5 35.Rd1 Kg7 36.Kb2 Qg4
37.a4 Qxd4+ 38.Rxd4 Ne8 39.Re4 Nc7 40.Bd3 Kf8 41.Kb3 Re8 42.Rf4 Re3 43.Kc2 Ke7
44.axb5 axb5 45.Kd2 Re5 46.Re4 f5 47.Rf4 Rxd5 48.Rf1 Rd4 49.Ra1 d5 50.Rg1 Rg4
51.Rxg4 hxg4 52.Ke3 Kd6 53.Kf4 Ne6+ 54.Kg3 Kxc6 55.h5 gxh5 56.Bxf5 Nd4 57.Bg6 Ne2+
58.Kf2 Nf4 59.Be8+ Kb6 60.Kg3 Nd3 61.Bxh5 Nxb4 62.Bxg4 Kc5 63.Kf2 Kd4 64.Ke2 Kc3
65.Kd1 Nd3 66.Be6 d4 67.Bd5 Nb2+  0-1

[Event "SPICE Cup B"]
[Site "Lubbuck USA"]
[Date "2009.09.27"]
[Round "9"]
[White "Perelshteyn,E"]
[Black "Finegold,B"]
[Result "1-0"]
[WhiteElo "2534"]
[BlackElo "2513"]

1.e4 c5 2.Nf3 Nc6 3.Bb5 e6 4.Bxc6 bxc6 5.O-O Ne7 6.b3 Ng6 7.Ba3 e5 8.c3 Ba6
9.Re1 Bd3 10.Re3 Bxb1 11.Rxb1 Qa5 12.Qc1 Be7 13.g3 O-O 14.h4 h5 15.b4 Qc7
16.bxc5 f5 17.exf5 Rxf5 18.Qc2 Raf8 19.Qe4 d5 20.cxd6 Bxd6 21.Rb3 Bxa3 22.Rxa3 Ne7
23.c4 Nc8 24.c5 Qf7 25.Qxc6 e4 26.Qxe4 Rxc5 27.Qe6 Qxe6 28.Rxe6 Rcf5 29.Kg2 Nb6
30.Re5 Rxe5 31.Nxe5 Rd8 32.d3 Rd5 33.f4 a5 34.Rb3 Na4 35.Kf3 Rc5 36.Nc4 Rd5
37.Ra3 Nc5 38.Rxa5 Rxd3+ 39.Ke2 Rxg3 40.Rxc5 Rg2+ 41.Kf3 Rxa2 42.Rxh5 Rh2
43.Kg3 Rh1 44.Ne3 Rg1+ 45.Kf3 Rh1 46.Rg5 Rxh4 47.Rxg7+ Kf8 48.Ra7 Rh6 49.Kg4 Re6
50.Nc4 Rg6+ 51.Kf5 Rh6 52.Ne5 Rd6 53.Kg5 Rd5 54.Kf5 Rb5 55.Rc7 Rb4 56.Ke6 Rb6+
57.Rc6 Rb7 58.f5 Re7+ 59.Kf6 Re8 60.Ng6+ Kg8 61.Rc8  1-0

[Event "ch-USA"]
[Site "Saint Louis USA"]
[Date "2010.05.19"]
[Round "6"]
[White "Finegold,B"]
[Black "Benjamin,Joe"]
[Result "1-0"]
[WhiteElo "2539"]
[BlackElo "2565"]

1.d4 Nf6 2.Nf3 e6 3.Bg5 h6 4.Bxf6 Qxf6 5.e4 d6 6.Nc3 Nd7 7.Qd2 a6 8.O-O-O Qd8
9.h4 b5 10.g4 c5 11.Bh3 Qa5 12.Kb1 Bb7 13.d5 Nb6 14.g5 e5 15.g6 fxg6 16.Rhg1 Be7
17.Rxg6 Rf8 18.Rxg7 Bc8 19.Bxc8 Rxc8 20.Qxh6 Rf6 21.Qh5+ Kd7 22.Nxe5+ dxe5
23.Qxe5 Re8 24.Qxf6  1-0

[Event "ch-USA"]
[Site "Saint Louis USA"]
[Date "2010.05.20"]
[Round "7"]
[White "Yermolinsky,A"]
[Black "Finegold,B"]
[Result "1/2-1/2"]
[WhiteElo "2528"]
[BlackElo "2539"]

1.d4 d5 2.c4 c6 3.Nc3 Nf6 4.e3 a6 5.Bd3 b5 6.b3 g6 7.Qc2 Bg7 8.Nf3 O-O 9.O-O Nbd7
10.Rd1 Bb7 11.Bb2 Qb8 12.h3 e6 13.Rab1 Re8 14.a3 dxc4 15.bxc4 c5 16.Ne4 bxc4
17.Nxf6+ Bxf6 18.Bxc4 Bxf3 19.gxf3 cxd4 20.Bxd4 Qc7 21.Bd3 Qa5 22.Bf1 Qxa3
23.Ra1 Qe7 24.Bxf6 Qxf6 25.f4 Rec8 26.Qb1 Nc5 27.Ra5 Qc3 28.Qa1 Qxa1 29.Raxa1 a5
30.Ra3 a4 31.Rc1 Ra5 32.Be2 Rb8 33.Bd1 Rb2 34.Kf1 Ne4 35.Rc2 Rb1 36.Ke2 Rd5
37.Rxa4 Rdxd1 38.Rxe4 Rh1 39.Rd4 Rxh3 40.Rd7 Rh5 41.Kf3 Rf5 42.Kg2 g5 43.fxg5 Rxg5+
44.Kf3 Rh1 45.Rc4 Rh3+ 46.Ke2 e5 47.Re4 Rh2 48.Re7 Rf5 49.R4xe5 Rhxf2+ 50.Kd3 Rf6
51.Rg5+ Rg6 52.Rh5 Kg7 53.Ree5 h6 54.Rhf5 Rxf5 55.Rxf5 Rf6 56.Ra5 Kg6 57.e4 h5
58.e5 Rf3+ 59.Ke4 Rf1 60.Ra8 h4 61.Rg8+ Kh5 62.Rf8 h3 63.e6 h2 64.Rh8+ Kg4
65.exf7 Kg3 66.Rg8+ Kh3 67.Rh8+  1/2-1/2